Paulo Orósio e o património mitológico da antiguidade clássica

Saved in:  
Bibliographic Details
Main Author: Rodrigues, Nuno Simões 1968- (Author)
Format: Print Article
Language:Portuguese
Check availability: HBZ Gateway
Interlibrary Loan:Interlibrary Loan for the Fachinformationsdienste (Specialized Information Services in Germany)
Published: 1998
In: Lusitania sacra
Year: 1998, Volume: 2.Sér.10, Pages: 17-54
Standardized Subjects / Keyword chains:B Orosius, Paulus 385-418, Historiae adversus paganos / Mythology / Classical antiquity / Reception / Historiography / Apologetics
RelBib Classification:KAB Church history 30-500; early Christianity
NAB Fundamental theology
TB Antiquity

MARC

LEADER 00000caa a22000002c 4500
001 1642355623
003 DE-627
005 20220616113649.0
007 tu
008 160405s1998 xx ||||| 00| ||por c
035 |a (DE-627)1642355623 
035 |a (DE-576)465444709 
035 |a (DE-599)BSZ465444709 
040 |a DE-627  |b ger  |c DE-627  |e rakwb 
041 |a por 
084 |a 1  |2 ssgn 
100 1 |0 (DE-588)1147188483  |0 (DE-627)1008546488  |0 (DE-576)421121912  |4 aut  |a Rodrigues, Nuno Simões  |d 1968- 
109 |a Rodrigues, Nuno Simões 1968-  |a Simões Rodrigues, Nuno 1968- 
245 1 0 |a Paulo Orósio e o património mitológico da antiguidade clássica 
264 1 |c 1998 
336 |a Text  |b txt  |2 rdacontent 
337 |a ohne Hilfsmittel zu benutzen  |b n  |2 rdamedia 
338 |a Band  |b nc  |2 rdacarrier 
652 |a KAB:NAB:TB 
689 0 0 |d u  |0 (DE-588)4484677-0  |0 (DE-627)239328361  |0 (DE-576)212916971  |a Orosius, Paulus  |2 gnd  |d 385-418  |t Historiae adversus paganos 
689 0 1 |d s  |0 (DE-588)4041005-5  |0 (DE-627)104616903  |0 (DE-576)209043016  |2 gnd  |a Mythologie 
689 0 2 |d s  |0 (DE-588)4068754-5  |0 (DE-627)106105086  |0 (DE-576)209174544  |2 gnd  |a Antike 
689 0 3 |d s  |0 (DE-588)4049716-1  |0 (DE-627)104675152  |0 (DE-576)209083182  |2 gnd  |a Rezeption 
689 0 4 |d s  |0 (DE-588)4020531-9  |0 (DE-627)104564326  |0 (DE-576)208933751  |2 gnd  |a Geschichtsschreibung 
689 0 5 |d s  |0 (DE-588)4002449-0  |0 (DE-627)104189401  |0 (DE-576)208847146  |2 gnd  |a Apologetik 
689 0 |5 (DE-627) 
773 0 8 |i In  |t Lusitania sacra  |d Lisboa : [Verlag nicht ermittelbar], 1956  |g 2.Sér.10(1998), Seite 17-54  |w (DE-627)16674879X  |w (DE-600)300471-5  |w (DE-576)015180867  |x 0076-1508  |7 nnas 
773 1 8 |g volume:2.Sér.10  |g year:1998  |g pages:17-54 
935 |a mteo 
951 |a AR 
ELC |b 1 
ITA |a 1  |t 1 
LOK |0 000 xxxxxcx a22 zn 4500 
LOK |0 001 3306297429 
LOK |0 003 DE-627 
LOK |0 004 1642355623 
LOK |0 005 20160405130623 
LOK |0 008 160404||||||||||||||||ger||||||| 
LOK |0 040   |a DE-Tue135  |c DE-627  |d DE-Tue135 
LOK |0 092   |o n 
LOK |0 852   |a DE-Tue135 
LOK |0 852 1  |9 00 
LOK |0 935   |a ixzs  |a ixmi 
LOK |0 936ln  |0 1442044284  |a KAB 
LOK |0 936ln  |0 1442053534  |a TB 
LOK |0 936ln  |0 1442050926  |a NAB 
LOK |0 939   |a 04-04-16  |b l01 
ORI |a SA-MARC-ixtheoa001.raw 
REF |a Antikenrezeption 
REL |a 1 
STA 0 0 |a Apologetics,Classical antiquity,Classical antiquity,Antiquity,Civilization, Greco-Roman,Civilization, Classical, in art,Civilization, Greco-Roman, in literature,Civilization, Ancient, in literature,Historiography,History writing,Mythology,Reception,Reception,Impact,Afterlife 
STB 0 0 |a Antiquité,Antiquité,Apologétique,Historiographie,Mythologie,Réception <scientifique>,Réception <scientifique>,Influence intellectuelle,Influence intellectuelle,Influence intellectuelle (motif),Influence intellectuelle 
STC 0 0 |a Antigüedad,Antigüedad,Apologética,Historiografía,Mitología,Recepción,Recepción 
STD 0 0 |a Antichità classica,Antichità classica,Apologetica,Mitologia,Ricezione,Ricezione,Storiografia 
STE 0 0 |a 历史学,史学,历史编纂学,古典时代,古典时代,古典时期,古典时期,护教学,接受,接收,神话,神话学 
STF 0 0 |a 古典時代,古典時代,古典時期,古典時期,接受,接收,歷史學,史學,歷史編纂學,神話,神話學,護教學 
STG 0 0 |a Antiguidade,Antiguidade,Apologética,Historiografia,Mitologia,Recepção,Recepção 
STH 0 0 |a Античность (мотив),Античность,Апологетика,Восприятие (мотив),Восприятие,Историография,Мифология 
STI 0 0 |a Αποδοχή (μοτίβο),Αποδοχή,Απολογητική,Αρχαιότητα (μοτίβο),Αρχαιότητα,Ιστοριογραφία,Μυθολογία 
SUB |a REL 
SYG 0 0 |a Orosius, Paulus,385-418,Kitāb Hurūšiyūš,Orosius, Paulus,385-418,Kitāb Hurūshiyūsh,Orosius, Paulus,385-418,Historiae adversum paganos,Orosius, Paulus,385-418,Adversus paganos historiarum libri septem,Orosius, Paulus,385-418,Contre les Païens,Orosius, Paulus,385-418,Histoire contre les Païens,Orosius, Paulus,385-418,Historia adversus paganos,Orosius, Paulus,385-418,Die antike Weltgeschichte aus christlicher Sicht,Orosius, Paulus,385-418,Adversus paganos,Orosius, Paulus,385-418,Le storie contro i pagani,Orosius, Paulus,385-418,The Old English Orosius , Göttersage,Göttersage , Klassisches Altertum , Fortwirken,Nachwirkung,Nachleben,Wirkungsgeschichte,Aneignung , Historiographie,Historisierung,Historiografie,Historiographie,Historisierung,Historiographie,Historiografie,Historisierung , Christentum,Christliche Apologetik 
TIM |a 099992000101_100005001231  |b Antike v800-500